000 00855nmm a2200277 a 4500
001 ocm000565547
003 TR-IsHL
005 20201028122644.0
008 110704s2004 tu tur
007 cr cn
020 _a9789753861106
035 _a565547
_b(N$T)
050 0 4 _aPL248.B47
_bY4 2004
090 0 4 _aPL248.B47
_bY4 2004
100 1 _aBerke, Zafer
245 1 0 _aYeni zaman: öyküler
_h[electronic resource] /
_cZafer Berke
250 _a1. bs.
260 _aİstanbul :
_bYaba Yayınları,
_c2004
300 _a112 p.
650 4 _aDil ve Edebiyat
650 4 _aLanguage and Literature
650 0 _aKısa hikayeler, Türk
650 0 _aShort stories, Turkey
650 7 _aLITERARY COLLECTIONS / Middle Eastern
_2bisacsh
856 4 0 _uhttp://search.ebscohost.com/login.aspx?direct=true&scope=site&db=e011xww&AN=565547
999 _c1985
_d1985